Statistics for Click the Movie Title Ending #1

Click here to take the quiz!

General Stats

  • This quiz has been taken 71,893 times
  • The average score is 19 of 24

Answer Stats

HintAnswer% Correct
ToyStory
99%
JurassicPark
98%
FightClub
93%
ForrestGump
93%
TaxiDriver
92%
DieHard
91%
PulpFiction
90%
BladeRunner
88%
Schindler'sList
87%
GroundhogDay
82%
AmericanBeauty
79%
RagingBull
77%
DjangoUnchained
77%
SpiritedAway
76%
CitizenKane
76%
ApocalypseNow
74%
HacksawRidge
71%
Pan'sLabyrinth
67%
HotelRwanda
66%
RearWindow
65%
ModernTimes
57%
BicycleThieves
54%
SevenSamurai
52%
DoubleIndemnity
50%

Score Distribution

Percentile by Number Answered

Percent of People with Each Score

Your Score History

You have not taken this quiz